Learning Resource and Development

Fish culture : (Record no. 30797)

MARC details
000 -LEADER
fixed length control field 03059nam a2200277 i 4500
003 - CONTROL NUMBER IDENTIFIER
control field CSPC
005 - DATE AND TIME OF LATEST TRANSACTION
control field 20251027112404.0
008 - FIXED-LENGTH DATA ELEMENTS--GENERAL INFORMATION
fixed length control field 251027r20202021ii a b 001 0 eng d
020 ## - INTERNATIONAL STANDARD BOOK NUMBER
International Standard Book Number 9789352695362
040 ## - CATALOGING SOURCE
Transcribing agency CSPC
Original cataloging agency CSPC
Language of cataloging eng
Description conventions rda
082 04 - DEWEY DECIMAL CLASSIFICATION NUMBER
Classification number 639.31
Item number F526
245 00 - TITLE STATEMENT
Title Fish culture :
Remainder of title in ponds and other inland waters /
Statement of responsibility, etc. edited by Sudha Garg.
264 #1 - PRODUCTION, PUBLICATION, DISTRIBUTION, MANUFACTURE, AND COPYRIGHT NOTICE
Place of production, publication, distribution, manufacture New Delhi, India :
Name of producer, publisher, distributor, manufacturer Random Publications,
Date of production, publication, distribution, manufacture, or copyright notice 2020 ; Reprinted 2021.
300 ## - PHYSICAL DESCRIPTION
Extent viii, 299 pages :
Other physical details illustrations ;
Dimensions 24 cm.
336 ## - CONTENT TYPE
Source rdacontent
Content type term text
337 ## - MEDIA TYPE
Source rdamedia
Media type term unmediated
338 ## - CARRIER TYPE
Source rdacarrier
Carrier type term volume
504 ## - BIBLIOGRAPHY, ETC. NOTE
Bibliography, etc. note Includes bibliographical references and index.
505 0# - FORMATTED CONTENTS NOTE
Formatted contents note Drainable ponds -- Fish species suitability and selection -- Cultivation of fish -- Emergencies in marine fisheries -- Stocking of rearing ponds -- Inland waters -- Fish composition and fishery products in pond culture -- Systems of fish culture -- Marketing channels for small-scale fisheries products -- Warm water lowland fisheries -- Construction of new ponds and farms.
520 ## - SUMMARY, ETC.
Summary, etc. "Today the importance of fish culture is being realised as never before, in the face of mounting pressure of population explosion. Fish culture is the rational cultivation of fish in a confined water mass, where rearing is not left to the mercy of nature. Fish culture in natural waters is concerned with the replenishment and improvement of the fish stocks of rivers, lakes, reservoirs, and seas. The increasing impact of man on such waters (water pollution and construction) has impeded or disrupted the natural replenishment of fish stocks. Thus, the rearing of fish, that is, fish-farming, is needed to maintain the existing fish life and to improve an ichthyofauna of minor value. Semimigratory (pike-perch, carp, roach) and migratory fishes (sturgeon, beluga, stellate sturgeon, inconnu, Atlantic salmon, chum salmon, pink salmon, Baltic vimba, and kutum) are particularly threatened. It is the most common method of fish culture. Water is maintained in an enclosed area by artificially constructed ponds where the aquatic animals such the finfish and shellfish are reared. The ponds may be filled with canal water, rain water, bore well water or from other water sources. The pond must be constructed after proper site selection. The climate, topography, water availability and soil quality of the region influence the character of the fish pond. For watershed ponds, water required to fill and maintain the pond water is entirely sourced from the watershed runoff, though groundwater (bore well) and surface water (stream and reservoirs) can be used as an additional water sources. This work will be a highly useful reference tool for students, teachers, academicians, and all who interested in pisciculture." -- Back cover
650 #4 - SUBJECT ADDED ENTRY--TOPICAL TERM
Topical term or geographic name entry element Fish culture.
650 #4 - SUBJECT ADDED ENTRY--TOPICAL TERM
Topical term or geographic name entry element Freshwater aquaculture.
700 1# - ADDED ENTRY--PERSONAL NAME
Personal name Garg, Sudha,
Relator term editor.
942 ## - ADDED ENTRY ELEMENTS (KOHA)
Source of classification or shelving scheme Dewey Decimal Classification
Suppress in OPAC No
Koha item type Books
Classification part 639.31
Item part F526
Call number prefix CIR
Call number suffix 2020
Holdings
Withdrawn status Lost status Source of classification or shelving scheme Damaged status Not for loan Home library Current library Shelving location Date acquired Total Checkouts Full call number Barcode Date last seen Copy number Price effective from Koha item type
    Dewey Decimal Classification     Main Library Main Library Circulation Section 10/27/2025   CIR 639.31 F526 2020 030506 10/27/2025 1-1 10/27/2025 Books